<?xml version="1.0" encoding="UTF-8"?>
<record
    xmlns:xsi="http://www.w3.org/2001/XMLSchema-instance"
    xsi:schemaLocation="http://www.loc.gov/MARC21/slim http://www.loc.gov/standards/marcxml/schema/MARC21slim.xsd"
    xmlns="http://www.loc.gov/MARC21/slim">

  <leader>03071nam a22003017a 4500</leader>
  <controlfield tag="003">OSt</controlfield>
  <controlfield tag="005">20260511175402.0</controlfield>
  <controlfield tag="008">260428b        |||||||| |||| 00| 0 eng d</controlfield>
  <datafield tag="022" ind1=" " ind2=" ">
    <subfield code="a">2078-1547</subfield>
  </datafield>
  <datafield tag="040" ind1=" " ind2=" ">
    <subfield code="a">TBS</subfield>
    <subfield code="b">EN</subfield>
    <subfield code="c">TBS</subfield>
  </datafield>
  <datafield tag="041" ind1=" " ind2=" ">
    <subfield code="a">eng</subfield>
  </datafield>
  <datafield tag="100" ind1=" " ind2=" ">
    <subfield code="a">Beresford-Dey, Marie</subfield>
    <subfield code="9">26958</subfield>
    <subfield code="e">author</subfield>
  </datafield>
  <datafield tag="245" ind1=" " ind2=" ">
    <subfield code="a">Educational leadership </subfield>
    <subfield code="b">: enabling positive planetary action through regenerative practices and complexity leadership theory</subfield>
    <subfield code="c">/ Marie Beresford-Dey.</subfield>
  </datafield>
  <datafield tag="260" ind1=" " ind2=" ">
    <subfield code="b">Challenges,</subfield>
    <subfield code="c">2025.</subfield>
  </datafield>
  <datafield tag="300" ind1=" " ind2=" ">
    <subfield code="a">32-32 pages.</subfield>
  </datafield>
  <datafield tag="490" ind1=" " ind2=" ">
    <subfield code="a">Challenges,</subfield>
    <subfield code="v">vol. 16, (3)</subfield>
  </datafield>
  <datafield tag="520" ind1=" " ind2=" ">
    <subfield code="a">Uniquely rooted in regenerative leadership and complemented by Complexity Leadership Theory (CLT), this conceptual essay offers a theoretical exploration of how educational institutions can act as dynamic systems that catalyze adaptive, community-led responses to anthropocentric socio-environmental crises. Rather than sustaining existing structures, educational leadership for regeneration seeks to restore ecological balance and nurture emergent capacities for long-term resilience. Positioned as key sites of influence, educational institutions are explored as engines of innovation capable of mobilizing students, educators, and communities toward collective environmental action. CLT offers a valuable lens for understanding how leadership emerges from nonlinear, adaptive processes within schools, enabling the development of innovative, collaborative, and responsive strategies required for navigating complexity and leading planetary-positive change. Drawing on a synthesis of the recent global literature, this paper begins by outlining the need to go beyond sustainability in envisioning regenerative futures, followed by an introduction to regenerative principles. It then examines the current and evolving role of educational leadership, the relevance in enabling whole-institution transformation, and how this relates to regenerative practices. The theoretical frameworks of systems thinking and CLT are introduced before noting their application within regenerative educational leadership. The final sections identify implementation challenges and offer practical recommendations, including curriculum innovation, professional development, and youth-led advocacy, before concluding with a call for education as a vehicle for cultivating planetary-conscious citizens and systemic change. This work contributes a timely and theoretically grounded model for reimagining educational leadership in an era of global turbulence. 
Keywords: education; leadership; regenerative; complexity; complexity leadership theory; sustainability; systems thinking
</subfield>
  </datafield>
  <datafield tag="630" ind1=" " ind2="0">
    <subfield code="a">B2 PBT Regenerative Leadership (BiM)</subfield>
    <subfield code="9">26902</subfield>
  </datafield>
  <datafield tag="650" ind1=" " ind2="0">
    <subfield code="a">Biotic communities</subfield>
    <subfield code="9">25498</subfield>
  </datafield>
  <datafield tag="650" ind1=" " ind2="0">
    <subfield code="a">Career development</subfield>
    <subfield code="9">8803</subfield>
  </datafield>
  <datafield tag="650" ind1=" " ind2="0">
    <subfield code="a">Crisis management</subfield>
    <subfield code="9">26956</subfield>
  </datafield>
  <datafield tag="650" ind1=" " ind2="0">
    <subfield code="a">Educational leadership</subfield>
    <subfield code="9">26957</subfield>
  </datafield>
  <datafield tag="650" ind1=" " ind2="0">
    <subfield code="a">Power (Social sciences)</subfield>
    <subfield code="9">7912</subfield>
  </datafield>
  <datafield tag="650" ind1=" " ind2="0">
    <subfield code="a">Sustainable development</subfield>
    <subfield code="9">6723</subfield>
  </datafield>
  <datafield tag="650" ind1=" " ind2="0">
    <subfield code="a">Environmental aspects</subfield>
    <subfield code="9">14250</subfield>
  </datafield>
  <datafield tag="856" ind1=" " ind2=" ">
    <subfield code="u">https://www.mdpi.com/2078-1547/16/3/32</subfield>
  </datafield>
  <datafield tag="942" ind1=" " ind2=" ">
    <subfield code="2">lcc</subfield>
  </datafield>
  <datafield tag="952" ind1=" " ind2=" ">
    <subfield code="0">0</subfield>
    <subfield code="1">0</subfield>
    <subfield code="2">lcc</subfield>
    <subfield code="4">0</subfield>
    <subfield code="7">0</subfield>
    <subfield code="8">CT</subfield>
    <subfield code="a">TBS</subfield>
    <subfield code="b">TBS</subfield>
    <subfield code="d">2026-05-11</subfield>
    <subfield code="l">0</subfield>
    <subfield code="r">2026-05-11</subfield>
    <subfield code="u">https://www.mdpi.com/2078-1547/16/3/32</subfield>
    <subfield code="w">2026-05-11</subfield>
    <subfield code="y">ARTICLE</subfield>
  </datafield>
  <datafield tag="999" ind1=" " ind2=" ">
    <subfield code="c">5425</subfield>
    <subfield code="d">5425</subfield>
  </datafield>
</record>
